KASIH SI MERAK / (Record no. 203788)

MARC details
000 -LEADER
fixed length control field 00930nam a2200253 i 4500
005 - DATE AND TIME OF LATEST TRANSACTION
control field 20260412112035.0
008 - FIXED-LENGTH DATA ELEMENTS--GENERAL INFORMATION
fixed length control field 260409s2025 my a gr 000 f may d
020 ## - INTERNATIONAL STANDARD BOOK NUMBER
International Standard Book Number 9786297553443
Terms of availability RM35.00
Qualifying information paperback
040 ## - CATALOGING SOURCE
Original cataloging agency PPAK
Language of cataloging eng
Transcribing agency PPAK
Description conventions rda
082 04 - DEWEY DECIMAL CLASSIFICATION NUMBER
Edition number 23
Classification number 899.2333
090 00 - LOCALLY ASSIGNED LC-TYPE CALL NUMBER (OCLC); LOCAL CALL NUMBER (RLIN)
Classification number (OCLC) (R) ; Classification number, CALL (RLIN) (NR) 899.2333
Feature heading AEI
Feature heading G
100 0# - MAIN ENTRY--PERSONAL NAME
Personal name Aein Dhiyauddin,
Relator term author.
245 10 - TITLE STATEMENT
Title KASIH SI MERAK /
Statement of responsibility, etc. IDEA ASAL / INSPIRASI : MISS KURUS ; AEIN DHIYAUDDIN ; Editor: Unit Editorial Love Novel Publishing
264 #1 - PRODUCTION, PUBLICATION, DISTRIBUTION, MANUFACTURE, AND COPYRIGHT NOTICE
Place of production, publication, distribution, manufacture Pandan Indah, Kuala Lumpur :
Name of producer, publisher, distributor, manufacturer LOVE NOVEL PUBLISHING,
Date of production, publication, distribution, manufacture, or copyright notice 2025
300 ## - PHYSICAL DESCRIPTION
Extent 402 pages :
Other physical details illustrations ;
Dimensions 19 cm
336 ## - CONTENT TYPE
Content type term text
Source rdacontent
337 ## - MEDIA TYPE
Media type term unmediated
Source rdamedia
338 ## - CARRIER TYPE
Carrier type term volume
Source rdacarrier
650 10 - SUBJECT ADDED ENTRY--TOPICAL TERM
Topical term or geographic name entry element Malay fiction
Topical term or geographic name entry element Malaysian fiction (Malay)
700 0# - ADDED ENTRY--PERSONAL NAME
Personal name Miss Kurus,
Relator term author.
710 2# - ADDED ENTRY--CORPORATE NAME
Corporate name or jurisdiction name as entry element Unit Editorial Love Novel Publishing,
Relator term editor.
942 ## - ADDED ENTRY ELEMENTS (KOHA)
Source of classification or shelving scheme Dewey Decimal Classification
Koha item type Book
Holdings
Withdrawn Not for loan Current library Shelving location Date acquired Total Checkouts Full call number Barcode Date last seen Koha item type
    Perpustakaan Alor Setar Pinjaman Dewasa 15/04/2026   899.2333 AEI A01906994 15/04/2026 Book
    Perpustakaan Awam Sungai Petani Pinjaman Dewasa 15/04/2026   899.2333 AEI A01906995 15/04/2026 Book
    Perpustakaan Baling Pinjaman Dewasa 15/04/2026   899.2333 AEI A01906999 15/04/2026 Book
    Perpustakaan Bandar Baharu Pinjaman Dewasa 15/04/2026   899.2333 AEI A01907000 15/04/2026 Book
    Perpustakaan Jitra Pinjaman Dewasa 15/04/2026   899.2333 AEI A01906996 15/04/2026 Book
    Perpustakaan Kuala Nerang Pinjaman Dewasa 15/04/2026   899.2333 AEI A01907004 15/04/2026 Book
    Perpustakaan Kulim Pinjaman Dewasa 15/04/2026   899.2333 AEI A01906998 15/04/2026 Book
    Perpustakaan Langkawi Pinjaman Dewasa 15/04/2026   899.2333 AEI A01906997 15/04/2026 Book
    Perpustakaan Merbok Pinjaman Dewasa 15/04/2026   899.2333 AEI A01907001 15/04/2026 Book
    Perpustakaan Pendang Pinjaman Dewasa 15/04/2026   899.2333 AEI A01907005 15/04/2026 Book
    Perpustakaan Sik Pinjaman Dewasa 15/04/2026   899.2333 AEI A01907003 15/04/2026 Book
    Perpustakaan Yan Pinjaman Dewasa 15/04/2026   899.2333 AEI A01907002 15/04/2026 Book